000 01149cam a2200337 a 4500
020 _a0439136350 (hc)
020 _a9780439136358 (hc)
020 _a0439136369 (pb)
020 _a9780439136365 (pb)
040 _cDLC
082 _a823 LEV 1999 A110 Or.
100 1 _aRowling, J. K.
245 1 0 _aHarry Potter and the prisoner of Azkaban /
260 _aNew York :
_bArthur A. Levine Books,
_c1999.
300 _aix, 435 p. :
_bill. ;
_c24 cm.
490 1 _aHarry Potter ;
500 _a"Year 3"--Spine.
500 _aSequel to: Harry Potter and the Chamber of Secrets.
500 _aSequel: Harry Potter and the goblet of fire.
520 _aDuring his third year at Hogwarts School for Witchcraft and Wizardry, Harry Potter must confront the devious and dangerous wizard responsible for his parents' deaths.
650 0 _aWizards
650 0 _aMagic
650 0 _aHogwarts School of Witchcraft and Wizardry (Imaginary organization)
650 0 _aPotter, Harry (Fictitious character)
650 0 _aSchools
650 4 _aSchools
650 4 _aMagic
650 4 _aWizards
700 1 _aGrandPr©♭, Mary.
942 _cEK
999 _c17072
_d17072